<?xml version="1.0" encoding="UTF-8"?><?xml-stylesheet type="text/xsl" href="static/style.xsl"?><OAI-PMH xmlns="http://www.openarchives.org/OAI/2.0/" xmlns:xsi="http://www.w3.org/2001/XMLSchema-instance" xsi:schemaLocation="http://www.openarchives.org/OAI/2.0/ http://www.openarchives.org/OAI/2.0/OAI-PMH.xsd"><responseDate>2026-06-06T20:34:52Z</responseDate><request verb="GetRecord" identifier="oai:docta.ucm.es:20.500.14352/61736" metadataPrefix="marc">https://docta.ucm.es/rest/oai/request</request><GetRecord><record><header><identifier>oai:docta.ucm.es:20.500.14352/61736</identifier><datestamp>2024-10-04T12:40:35Z</datestamp><setSpec>com_20.500.14352_14</setSpec><setSpec>col_20.500.14352_22</setSpec></header><metadata><record xmlns="http://www.loc.gov/MARC21/slim" xmlns:dcterms="http://purl.org/dc/terms/" xmlns:xsi="http://www.w3.org/2001/XMLSchema-instance" xmlns:doc="http://www.lyncode.com/xoai" xsi:schemaLocation="http://www.loc.gov/MARC21/slim http://www.loc.gov/standards/marcxml/schema/MARC21slim.xsd">
   <leader>00925njm 22002777a 4500</leader>
   <datafield ind2=" " ind1=" " tag="042">
      <subfield code="a">dc</subfield>
   </datafield>
   <datafield ind2=" " ind1=" " tag="720">
      <subfield code="a">Feria Y Pérez, Rafael</subfield>
      <subfield code="e">author</subfield>
   </datafield>
   <datafield ind2=" " ind1=" " tag="260">
      <subfield code="c">2003</subfield>
   </datafield>
   <datafield ind2=" " ind1=" " tag="520">
      <subfield code="a">La Tesis parte de la existencia de objetos de variada naturaleza, que a lo largo de la historia han ejercido una función monetaria. Desde el punto de vista histórico, artístico y museológico, su conservación, estudio y exposición se hace necesaria para preservar, su permanencia física y el aporte documental que nos puedan proporcionar. El doctorando da una visión actualizada del mundo de los gabinetes y museos monetarios, vinculados, tanto al dinero - en sus más variadas formas- como a aquellos otros aspectos relacionados con sus funciones, características físicas, actividad productiva, etc. Se describen, y se proponen, unas pautas de actuación museográfica ante esas piezas; métodos de trabajo que faciliten a los profesionales de los museos monetarios su actividad diaria, así como su progresión técnica en el ámbito museológico. Evolución afectada desde su actual modelo de institución o de exposición permanente, hasta alcanzar formas de estructura o funcionamiento acordes con lo que demanda la Sociedad actual de los mismos; teniéndose en todo momento en cuenta las diferentes interpretaciones o definiciones del objeto monetario, la Museología y Museografía, que han sido aportadas por los autores que han abordado estas materias.</subfield>
   </datafield>
   <datafield ind1="8" ind2=" " tag="024">
      <subfield code="a">978-84-669-1052-1</subfield>
   </datafield>
   <datafield ind1="8" ind2=" " tag="024">
      <subfield code="a">https://hdl.handle.net/20.500.14352/61736</subfield>
   </datafield>
   <datafield ind2="0" ind1="0" tag="245">
      <subfield code="a">Museología y museografía monetarias: una propuesta metodológica y funcional</subfield>
   </datafield>
</record></metadata></record></GetRecord></OAI-PMH>